De los acuerdos de paz al Estado social y democrático de Derecho (Registro nro. 35660)

Detalles MARC
000 -CABECERA
Longitud fija campo de control 00813cam a2200229 a 4500
003 - IDENTIFICADOR DELl NÚMERO DE CONTROL
Identificador del número de control OSt
005 - FECHA Y HORA DE LA ÚLTIMA TRANSACCIÓN
Fecha y hora de la última transacción 20251015155613.0
008 - CÓDIGOS DE INFORMACIÓN DE LONGITUD FIJA
Códigos de información de longitud fija 071215s2024 slv spa
020 ## - NÚMERO INTERNACIONAL NORMALIZADO PARA LIBROS
Número Internacional Normalizado para Libros (ISBN) 978-99961-48-64-4 (tomo, 1)
-- 978-99961-48-65-1 (tomo, 2)
040 ## - FUENTE DE LA CATALOGACIÓN
Centro catalogador de origen DLC
Centro transcriptor BMC
082 ## - NÚMERO DE LA CLASIFICACIÓN DECIMAL DEWEY
Númeroo de clasificación 972.84053
082 ## - NÚMERO DE LA CLASIFICACIÓN DECIMAL DEWEY
Númeroo de clasificación 341.737284
100 1# - PUNTO DE ACCESO PRINCIPAL-NOMBRE DE PERSONA
9 (RLIN) 6678
Nombre de persona Solano Ramírez, Mario Antonio‏
245 10 - MENCIÓN DE TÍTULO
Título De los acuerdos de paz al Estado social y democrático de Derecho
Mención de responsabilidad, etc. Mario Antonio Solano Ramírez
250 ## - MENCIÓN DE EDICIÓN
Mención de edición 1ª ed. reimp.
260 ## - PUBLICACIÓN, DISTRIBUCIÓN, ETC. (PIE DE IMPRENTA)
Lugar de publicación, distribución, etc. San Salvador
Nombre del editor, distribuidor, etc. Universidad Tecnológica de El Salvador
Fecha de publicación, distribución, etc. 2024
300 ## - DESCRIPCIÓN FÍSICA
Extensión 621 p.
Dimensiones 24 cm
490 ## - MENCIÓN DE SERIE
Mención de serie Recopilación histórica UTEC
Designación de volumen o secuencia 21
650 20 - PUNTO DE ACCESO ADICIONAL DE MATERIA - TÉRMINO DE MATERIA
Término de materia o nombre geográfico como elemento inicial Tratados de paz
Subdivisión geográfica El Salvador
9 (RLIN) 9670
Subdivisión cronológica 1992
651 24 - PUNTO DE ACCESO ADICIONAL DE MATERIA - NOMBRE GEOGRÁFICO
9 (RLIN) 9155
Nombre geográfico El Salvador
Subdivisión de materia general Historia
Subdivisión cronológica 1980-1992 (Guerra civil)
942 ## - ENTRADA DE ELEMENTOS AGREGADOS (KOHA)
Fuente de clasificaión o esquema Dewey Decimal Classification
Koha [por defecto] tipo de item 1- Monografias
Existencias
Suprimido Perdido Fuente de clasificación o esquema Estropeado Restricciones de uso No para préstamo Código de colección Localización permanente Localización actual Localización en estanter&íacute;as Fecha adquisición Fuente de adquisición Número de inventario Préstamos totales Signatura completa Código de barras Fecha última consulta Fecha del precio de reemplazo Tipo de item de Koha
NULL NULL Dewey Decimal Classification NULL Prestable NULL NULL Biblioteca Miguel de Cervantes - UNICAES Biblioteca Miguel de Cervantes - UNICAES Sala Principal 26/08/2024 Donación - Dirección Academica 036350   972.84053 SOL del 1053145 29/04/2025 29/04/2025 1- Monografias